Emocionálna a sociálna inteligencia manažérov a výkonných pracovníkov

Pojem emocionálna inteligencia a sociálna inteligencia. Škála sociálnej inteligencie. Súvislosti medzi sociálnou a emocionálnou inteligenciou.

Saved in:
Bibliographic Details
Main Author: Birknerová, Zuzana
Other Authors: Kentoš, Michal
Format: Book Chapter
Language:Slovak
Subjects:
Tags: Add Tag
No Tags, Be the first to tag this record!

MARC

LEADER 00000naa a2200000 4500
001 0146540
005 20231204093033.8
041 0 |a slo 
044 |a SK 
245 1 0 |a Emocionálna a sociálna inteligencia manažérov a výkonných pracovníkov  |c Zuzana Birknerová, Michal Kentoš 
520 |a Pojem emocionálna inteligencia a sociálna inteligencia. Škála sociálnej inteligencie. Súvislosti medzi sociálnou a emocionálnou inteligenciou. 
610 2 0 |a inteligencia emocionálna 
610 2 0 |a výkonnosť 
610 2 0 |a manažéri 
610 2 0 |a inteligencia sociálna 
100 1 |a Birknerová, Zuzana 
700 1 |a Kentoš, Michal